Now That's What I Call Music! 3 (US) Tracklist - Statistics

General Stats
  • This quiz has been taken 7 times
  • The average score is 3 of 18
Answer Stats
Track No. Song Artist % Correct
1 All Star Smash Mouth
100%
4 Bailamos Enrique Iglesias
40%
3 What's My Age Again? Blink-182
40%
6 All I Have to Give Backstreet Boys
20%
2 American Woman Lenny Kravitz
20%
5 Sometimes Britney Spears
20%
7 Tell Me It's Real K-Ci & JoJo
20%
13 Chanté's Got a Man Chanté Moore
0%
12 Get Gone Ideal
0%
16 Happily Ever After Case
0%
14 Hey Leonardo (She Likes Me for Me) Blessid Union of Souls
0%
11 If I Could Turn Back the Hands of Time R. Kelly
0%
9 Nookie Limp Bizkit
0%
18 Out of My Head Fastball
0%
10 Special Garbage
0%
17 The Hardest Thing 98 Degrees
0%
8 The Rockefeller Skank Fatboy Slim
0%
15 Why I'm Here Oleander
0%
No matching quizzes found
Score Distribution
Percent of People with Each Score
Percentile by Number Answered
Your Score History
You have not taken this quiz